| 000 | 01008nam0a22002651 4500 | ||
|---|---|---|---|
| 001 | rc\3126761 | ||
| 005 | 20250530081032.0 | ||
| 021 |
_aRU _b[75-100912] |
||
| 035 | _a(NLR Aleph) 007313514 | ||
| 090 |
_a5834880 _c5834880 |
||
| 100 | _a20120615d1975 |||y0rusy50 ca | ||
| 101 | 0 | _arus | |
| 102 | _aRU | ||
| 105 | _ay z ||||| | ||
| 200 | 1 |
_aНаучные основы выращивания высококачественных семян озимых культур на юге Украины _e(Лекция) _fПеткилев П.В. _gОдес. с.-х. ин-т |
|
| 210 |
_aОдесса _cБ. и. _d1975 |
||
| 215 |
_a19 с. _d20 |
||
| 320 | _aСписок лит. в конце книги (12 назв.) | ||
| 606 |
_aЗерновые культуры, озимые _xСеменоводство _yУССР _2psbo |
||
| 700 | 1 |
_aПеткилев _bП.В. _gПетр Васильевич |
|
| 801 | 0 |
_aRU _bNLR _gpsbo |
|
| 801 | 1 |
_aRU _bELAR _2rusmarc |
|
| 852 |
_aNLR _j76-4/17248 |
||
| 942 | _cBOOK | ||
| 980 | _aNB | ||